CS:2 - Wszystkie mapy - Statystyki

Ogólne statystyki
  • Ten quiz został rozwiązany 955 razy
    891 od ostatniego zresetowania
  • Średni wynik to 12 z 16
Statystyki odpowiedzi
Mapa Grupa % Poprawnych
Mirage BD
98%
Inferno BD
96%
Inferno W
96%
Nuke BD
94%
Nuke W
94%
Anubis BD
85%
Overpass BD
84%
Overpass W
84%
Vertigo BD
84%
Vertigo W
84%
Ancient BD
79%
Office HR
76%
Italy HR
59%
Dust II BD
58%
Baggage AR
33%
Shoots AR
24%
Nie znaleziono quizów pasujących do podanych kryteriów
Rozkład punktacji
Procent ludzi z każdym wynikiem
Percentyl według liczby udzielonych odpowiedzi
Twoja historia wyników
Nie rozwiązałeś tego quizu od ostatniego zresetowania